Country Names Containing a Letter - H - Statistics

General Stats
  • This quiz has been taken 156 times
  • The average score is 25 of 32
Answer Stats
Hint Country % Correct
1 x H Honduras
96%
1 x H Hungary
95%
1 x H South Korea
93%
1 x H Haiti
92%
1 x H North Korea
92%
1 x H South Africa
90%
1 x H Afghanistan
89%
1 x H South Sudan
89%
1 x H China
86%
1 x H North Macedonia
86%
1 x H Chile
84%
1 x H Thailand
82%
1 x H Bangladesh
81%
1 x H Bahrain
80%
1 x H Bhutan
80%
1 x H Bosnia and Herzegovina
80%
1 x H Philippines
80%
1 x H Liechtenstein
78%
1 x H Ethiopia
77%
1 x H Czech Republic
76%
1 x H Ghana
76%
1 x H Netherlands
76%
1 x H Bahamas
75%
1 x H Kazakhstan
72%
1 x H Lithuania
72%
1 x H Chad
71%
1 x H Marshall Islands
70%
1 x H Lesotho
69%
1 x H Seychelles
66%
1 x H Democratic Republic of the Congo
60%
1 x H Republic of the Congo
57%
1 x H Saint Vincent and the Grenadines
35%
No matching quizzes found
Score Distribution
Percent of People with Each Score
Percentile by Number Answered
Your Score History
You have not taken this quiz